000 00486nam a2200181Ia 4500
005 20250423100016.0
008 250422s9999 xx 000 0 und d
020 _a9780061667930
050 _aPZ7.N15 N37/
100 _aNapoli, Donna Jo
245 0 _aLights on the Nile
260 _aNew York
260 _b Harper
260 _c2011
300 _a278 p
650 _aKidnapping--Fiction. Baboons--Fiction. Fairies--Fiction. Egypt--History--To 332 B.C.--Fiction
942 _cBK
999 _c32008
_d32008